000 00749nam a2200265Ia 4500
003 OSt
005 20221006160014.0
006 a|||||r|||| 00| 0
007 ta
008 221006b |||||||| |||| 00| 0 eng d
020 _a9780231149440
_c
_50.00
024 _a44,043
037 _bGift, Korean Embassy (Window on Korea)
_cTextual
040 _aEASL
_cEASL
_beng
041 _2eng
_aeng
082 _a0495,6N04, P9
100 _aYI T'aejun
_9671440
245 0 _aEastern sentiments
260 _aNY
_bColumbia University Press
_c2009
300 _a208p.
_ccm.
490 _v KEL
650 _aKEL
942 _h0495,6N04, P9
_cTEXL
_2CC
999 _c1112135
_d1112135